[Event "Munich Pfingst op-A 1st"]
[Site "Munich"]
[Date "2023.06.01"]
[Round "2"]
[White "Korneev, Oleg"]
[Black "Herbrig, Alexander"]
[Result "1-0"]
[WhiteElo "2457"]
[BlackElo "2235"]
[PlyCount "87"]
[EventDate "2023.05.31"]
[EventType "swiss"]
[EventRounds "9"]
[EventCountry "GER"]
[SourceTitle "CBM 214 Extra"]
[Source "ChessBase"]
[SourceDate "2023.07.31"]
[SourceVersion "1"]
[SourceVersionDate "2023.07.31"]
[SourceQuality "1"]

1. e4 c5 2. Nf3 d6 3. d4 cxd4 4. Nxd4 Nf6 5. Nc3 g6 6. Be3 Nc6 7. f3 h5 8. Bc4 Bd7 9. Qd2 Bg7 10. 0-0-0 Na5 11. Bb3 Rb8 12. Kb1 b5 13. h3 Nxb3 14. cxb3 b4 15. Nd5 Nxd5 16. exd5 Qa5 17. Nc6 Bxc6 18. dxc6 0-0 19. a4 Rfc8 20. Rc1 Rc7 21. Rc4 Bf8 22. g4 e6 23. Rhc1 Rbc8 24. Ka2 h4 25. Rxb4 Qa6 26. Rb5 Rxc6 27. Ra5 Qb7 28. Rxa7 Qb8 29. Rxc6 Rxc6 30. Qa5 Rc8 31. Qb6 e5 32. a5 Qxb6 33. axb6 d5 34. b7 Rb8 35. Ra8 Rxb7 36. Bc5 e4 37. fxe4 dxe4 38. Rxf8+ Kg7 39. Re8 f5 40. gxf5 gxf5 41. Re7+ Rxe7 42. Bxe7 f4 43. Bg5 f3 44. Be3 1-0

[Event "GER-chT Lands U20"]
[Site "Wuerzburg"]
[Date "2019.10.05"]
[Round "6.4"]
[White "Gschnitzer, Adrian"]
[Black "Herbrig, Alexander"]
[Result "1-0"]
[WhiteElo "2405"]
[BlackElo "2295"]
[PlyCount "51"]
[EventDate "2019.10.01"]
[EventType "team-swiss"]
[EventRounds "7"]
[EventCountry "GER"]
[SourceTitle "EXT 2020"]
[Source "ChessBase"]
[SourceDate "2019.10.17"]
[SourceVersion "1"]
[SourceVersionDate "2019.10.17"]
[SourceQuality "1"]
[WhiteTeam "Baden"]
[BlackTeam "Sachsen"]
[WhiteTeamCountry "GER"]
[BlackTeamCountry "GER"]

1. e4 c5 2. Nf3 Nc6 3. d4 cxd4 4. Nxd4 g6 5. c4 Bg7 6. Be3 Nf6 7. Nc3 0-0 8. Be2 d6 9. 0-0 Bd7 10. h3 Nxd4 11. Bxd4 Bc6 12. Qc2 Nd7 13. Bxg7 Kxg7 14. Rad1 Qc7 15. b4 Nf6 16. Rd2 Rfc8 17. Rc1 b6 18. Bg4 Nxg4 19. hxg4 Qd7 20. f3 a5 21. b5 Bb7 22. Na4 Qc7 23. Qc3+ Kg8 24. Qe3 Rcb8 25. Nxb6 Ra7 26. Nd7 1-0

[Event "Staufer op 31st"]
[Site "Schwaebisch Gmuend"]
[Date "2019.01.05"]
[Round "8"]
[White "Wong, Gengchun"]
[Black "Herbrig, Alexander"]
[Result "0-1"]
[WhiteElo "2142"]
[BlackElo "2271"]
[PlyCount "124"]
[EventDate "2019.01.02"]
[EventType "swiss"]
[EventRounds "9"]
[EventCountry "GER"]
[SourceTitle "CBM 188 Extra"]
[Source "ChessBase"]
[SourceDate "2019.02.26"]
[SourceVersion "1"]
[SourceVersionDate "2019.02.26"]
[SourceQuality "1"]

1. e4 e5 2. Nf3 Nc6 3. Bb5 g6 4. Nc3 Bg7 5. Bxc6 dxc6 6. d3 Ne7 7. b3 0-0 8. Bb2 c5 9. 0-0 a6 10. Nb1 Nc6 11. Nbd2 Qe7 12. Nc4 Bg4 13. h3 Bxf3 14. Qxf3 Nd4 15. Bxd4 cxd4 16. a4 c6 17. Ra2 f5 18. Re1 Rae8 19. Raa1 f4 20. Nd2 h5 21. Rab1 Qe6 22. Qe2 Bf6 23. Kh2 Be7 24. Rg1 Qf7 25. Rbf1 Kg7 26. Nf3 Qe6 27. Nd2 g5 28. g4 f3 29. Nxf3 Qf6 30. Ne1 Qf4+ 31. Kh1 h4 32. Kg2 Rf7 33. Nf3 Bb4 34. Nh2 Ref8 35. Rh1 Bc3 36. Rhg1 Bd2 37. Kh1 Kh7 38. Rd1 Bc3 39. Rgf1 Kh8 40. Kg2 Kg7 41. Kg1 b5 42. Rb1 Rf6 43. Kh1 R8f7 44. Qd1 Rf8 45. Kg2 R6f7 46. Qc1 Qf6 47. Kg1 Qe7 48. Kg2 Rf4 49. Qd1 Qb4 50. f3 R8f7 51. axb5 cxb5 52. Rf2 a5 53. Nf1 Kh6 54. Qc1 Qf8 55. Qd1 R7f6 56. Qe2 a4 57. bxa4 bxa4 58. Nd2 a3 59. Nb3 a2 60. Rbf1 Qa3 61. Qd1 Rb6 62. Qc1 Rxb3 0-1

[Event "Youth District Germany"]
[Site "Wuerzburg"]
[Date "2018.10.06"]
[Round "6.1"]
[White "Herbrig, Alexander"]
[Black "Sieber, Fiona"]
[Result "0-1"]
[WhiteElo "2277"]
[BlackElo "2277"]
[PlyCount "120"]
[EventDate "2018.10.02"]
[EventType "team-swiss"]
[EventRounds "7"]
[EventCountry "GER"]
[SourceTitle "CBM 186 Extra"]
[Source "ChessBase"]
[SourceDate "2018.08.24"]
[SourceVersion "1"]
[SourceVersionDate "2018.08.24"]
[SourceQuality "1"]
[WhiteTeam "Sachsen U20 II"]
[BlackTeam "Sachsen Anhalt U20"]
[WhiteTeamCountry "GER"]
[BlackTeamCountry "GER"]

1. d4 Nf6 2. Nf3 g6 3. Bg5 Bg7 4. Nbd2 0-0 5. c3 d6 6. e4 c5 7. dxc5 dxc5 8. Bc4 Nc6 9. a4 Qc7 10. 0-0 h6 11. Bh4 Nh5 12. Qc2 b6 13. Rfe1 e6 14. Rad1 g5 15. Bg3 Nxg3 16. hxg3 Bb7 17. Ba2 Rad8 18. Nc4 Ba8 19. Rxd8 Rxd8 20. e5 Ne7 21. Nd6 Bxf3 22. gxf3 Ng6 23. f4 gxf4 24. gxf4 Nxf4 25. Bb1 Qe7 26. Qe4 Qh4 27. Re3 Nh3+ 28. Kh2 Qxe4 29. Nxe4 Nf4 30. Rg3 Kf8 31. Nf6 Bxf6 32. exf6 Rd5 33. Rf3 Rh5+ 34. Kg3 e5 35. Re3 Ke8 36. Bc2 Kd7 37. Bb3 Rg5+ 38. Kf3 Nh5 39. Rd3+ Kc7 40. Bxf7 Nxf6 41. Ke2 Rg7 42. Be6 Nh5 43. Re3 Nf4+ 44. Kf3 Nxe6 45. Rxe5 Kd6 46. Rh5 Rg6 47. Ke4 Ng7 48. Rd5+ Kc6 49. Rd2 Rd6 50. Rc2 Re6+ 51. Kf4 Rf6+ 52. Ke5 Rf5+ 53. Ke4 Kd6 54. f4 Ke6 55. Rg2 Nh5 56. Rg6+ Rf6 57. f5+ Kf7 58. Rg1 Ng7 59. Rd1 Ke7 60. Rd5 Nxf5 0-1

[Event "GER-ch U18"]
[Site "Willingen"]
[Date "2018.05.21"]
[Round "3"]
[White "Herbrig, Alexander"]
[Black "Pallas, Sebastian"]
[Result "1-0"]
[WhiteElo "2270"]
[BlackElo "2291"]
[PlyCount "61"]
[EventDate "2018.05.19"]
[EventType "swiss"]
[EventRounds "9"]
[EventCountry "GER"]
[SourceTitle "CBM 184 Extra"]
[Source "ChessBase"]
[SourceDate "2018.06.28"]
[SourceVersion "1"]
[SourceVersionDate "2018.06.28"]
[SourceQuality "1"]

1. e4 c5 2. Nf3 d6 3. d4 cxd4 4. Nxd4 Nf6 5. Nc3 a6 6. Be3 e6 7. g4 e5 8. Nf5 h5 9. g5 Nxe4 10. Nxg7+ Bxg7 11. Nxe4 d5 12. Ng3 d4 13. Bd2 Nc6 14. Nxh5 Qd5 15. Rg1 Kf8 16. Qe2 Bf5 17. Bg2 e4 18. Nf6 Bxf6 19. gxf6 Re8 20. Bf4 Re6 21. Bg5 d3 22. cxd3 Nd4 23. Qd2 exd3+ 24. Be3 Qd6 25. 0-0-0 Ne2+ 26. Kb1 Nxg1 27. Rxg1 Rxh2 28. Bf3 Rh8 29. Ka1 Be4 30. Rc1 Bxf3 31. Rc8+ 1-0

[Event "GER-ch U18"]
[Site "Willingen"]
[Date "2018.05.20"]
[Round "1"]
[White "Herbrig, Alexander"]
[Black "Zimmer, Luca"]
[Result "1-0"]
[WhiteElo "2270"]
[BlackElo "1633"]
[PlyCount "33"]
[EventDate "2018.05.19"]
[EventType "swiss"]
[EventRounds "9"]
[EventCountry "GER"]
[SourceTitle "CBM 184 Extra"]
[Source "ChessBase"]
[SourceDate "2018.06.28"]
[SourceVersion "1"]
[SourceVersionDate "2018.06.28"]
[SourceQuality "1"]

1. e4 e6 2. d4 d5 3. Nc3 Bb4 4. e5 c5 5. a3 Bxc3+ 6. bxc3 Ne7 7. Qg4 0-0 8. Bd3 Nbc6 9. Nf3 Qc7 10. Bg5 Ng6 11. h4 cxd4 12. cxd4 f6 13. Bxg6 hxg6 14. h5 Ne7 15. Bd2 fxe5 16. hxg6 Qxc2 17. Rh8+ 1-0

[Event "GER-ch U18"]
[Site "Willingen"]
[Date "2017.06.05"]
[Round "3"]
[White "Herbrig, Alexander"]
[Black "Niermann, Tristan"]
[Result "1/2-1/2"]
[WhiteElo "2102"]
[BlackElo "2346"]
[PlyCount "107"]
[EventDate "2017.06.04"]
[EventType "swiss"]
[EventRounds "9"]
[EventCountry "GER"]
[SourceTitle "CBM 178 Extra"]
[Source "ChessBase"]
[SourceDate "2017.06.22"]
[SourceVersion "1"]
[SourceVersionDate "2017.06.22"]
[SourceQuality "1"]

1. e4 e5 2. Nf3 Nc6 3. Bb5 a6 4. Ba4 Nf6 5. 0-0 Nxe4 6. d4 b5 7. Bb3 d5 8. dxe5 Be6 9. Nbd2 Nc5 10. c3 Be7 11. Bc2 d4 12. Nb3 d3 13. Bb1 Nxb3 14. axb3 Bf5 15. Be3 0-0 16. Nd4 Nxd4 17. cxd4 c5 18. Bxd3 cxd4 19. Bxf5 dxe3 20. fxe3 Qb6 21. Qf3 Bc5 22. Rae1 Rae8 23. Qe4 g6 24. Bd7 Re7 25. e6 fxe6 26. Rxf8+ Kxf8 27. Bc6 Qc7 28. g3 Qd6 29. Qf4+ Qxf4 30. gxf4 e5 31. fxe5 Rxe5 32. Kf2 Rh5 33. Rh1 Re5 34. Re1 Rh5 35. Rh1 Bd6 36. h3 Be5 37. Bd7 Bxb2 38. Rb1 Rd5 39. Bxb5 Rd2+ 40. Be2 a5 41. Kf3 Ke7 42. Rg1 Rc2 43. Rg5 Rc3 44. Rxa5 Rxb3 45. Ra7+ Kf6 46. Rxh7 Bc1 47. Rf7+ Kxf7 48. Bc4+ Kf6 49. Bxb3 Bxe3 50. Kxe3 g5 51. Ke4 Kg7 52. Kf5 Kh8 53. Kg6 g4 54. hxg4 1/2-1/2

[Event "GER-chT Lands U20"]
[Site "Hannover"]
[Date "2015.10.04"]
[Round "2.3"]
[White "Herbrig, Alexander"]
[Black "Boes, Julian"]
[Result "1-0"]
[WhiteElo "2042"]
[BlackElo "2029"]
[PlyCount "79"]
[EventDate "2015.10.03"]
[EventType "team-swiss"]
[EventRounds "7"]
[EventCountry "GER"]
[SourceTitle "CBM 168 Extra"]
[Source "ChessBase"]
[SourceDate "2015.10.29"]
[SourceVersion "1"]
[SourceVersionDate "2015.10.29"]
[SourceQuality "1"]
[WhiteTeam "Sachsen (U20)"]
[BlackTeam "Baden (U20) II"]
[WhiteTeamCountry "GER"]
[BlackTeamCountry "GER"]

1. e4 e6 2. d4 d5 3. Nc3 dxe4 4. Nxe4 Nd7 5. Nf3 Ngf6 6. Nxf6+ Nxf6 7. Be3 c5 8. dxc5 Qc7 9. c6 bxc6 10. Bd4 Bd6 11. Bxf6 gxf6 12. g3 Rb8 13. Rb1 Qa5+ 14. c3 Qxa2 15. Bg2 e5 16. 0-0 Bc5 17. b4 Be7 18. Ra1 Qc4 19. Qc1 a6 20. Qe3 Qb5 21. Nd2 c5 22. c4 Qb6 23. b5 axb5 24. cxb5 0-0 25. Rfb1 Bb7 26. Nc4 Qe6 27. Bxb7 Qxc4 28. Bc6 Qd4 29. Qf3 Qd2 30. Ra4 Kh8 31. Rh4 Rg8 32. Qf5 Rg7 33. Be4 h6 34. Rg4 Bd6 35. Qxf6 Rbg8 36. Qf5 c4 37. b6 c3 38. Kg2 Bc5 39. Rxg7 Rxg7 40. Qc8+ 1-0

[Event "GER-ch U16"]
[Site "Willingen"]
[Date "2015.05.29"]
[Round "8"]
[White "Herbrig, Alexander"]
[Black "Gschnitzer, Adrian"]
[Result "0-1"]
[WhiteElo "2067"]
[BlackElo "2122"]
[PlyCount "126"]
[EventDate "2015.05.24"]
[EventType "swiss"]
[EventRounds "9"]
[EventCountry "GER"]
[SourceTitle "CBM 166 Extra"]
[Source "ChessBase"]
[SourceDate "2015.06.18"]
[SourceVersion "1"]
[SourceVersionDate "2015.06.18"]
[SourceQuality "1"]

1. e4 c5 2. Nf3 Nc6 3. d4 cxd4 4. Nxd4 g6 5. c4 Bg7 6. Be3 Nf6 7. Nc3 0-0 8. Be2 d6 9. 0-0 Bd7 10. Qd2 Nxd4 11. Bxd4 Bc6 12. f3 Nd7 13. Be3 a5 14. b3 Nc5 15. Rab1 Qb6 16. Nb5 Bxb5 17. cxb5 Rfc8 18. Kh1 Qd8 19. Rfc1 b6 20. Rc2 Rc7 21. Rbc1 Rac8 22. Bc4 Qd7 23. Qe2 e6 24. Rd1 Qd8 25. Bf4 Rd7 26. Rcd2 Bf8 27. Bg3 Qc7 28. Rd4 Rcd8 29. Qd2 Qb7 30. Bh4 Be7 31. Bxe7 Rxe7 32. Qg5 Red7 33. h4 Qc7 34. Qg3 Nb7 35. f4 Kg7 36. f5 exf5 37. exf5 Re8 38. Rd5 Qd8 39. Rf1 Nc5 40. f6+ Kg8 41. h5 Ne4 42. Qh4 Re6 43. hxg6 hxg6 44. Rf3 Nxf6 45. Rh3 Kf8 46. Qh6+ Ke7 47. Qg5 Qc7 48. Rf3 Rd8 49. Kg1 a4 50. Kf1 axb3 51. axb3 Qa7 52. Kf2 Qa1 53. Be2 Kd7 54. Re3 Rxe3 55. Kxe3 Nxd5+ 56. Qxd5 Qe5+ 57. Qxe5 dxe5 58. Ke4 f5+ 59. Kd5 Rc8 60. b4 Rc2 61. Bf1 Rf2 62. Bc4 e4 63. Kd4 Rxg2 0-1

[Event "GER-ch U16"]
[Site "Willingen"]
[Date "2015.05.28"]
[Round "7"]
[White "Ehmann, Thilo"]
[Black "Herbrig, Alexander"]
[Result "1/2-1/2"]
[WhiteElo "2198"]
[BlackElo "2067"]
[PlyCount "94"]
[EventDate "2015.05.24"]
[EventType "swiss"]
[EventRounds "9"]
[EventCountry "GER"]
[SourceTitle "CBM 166 Extra"]
[Source "ChessBase"]
[SourceDate "2015.06.18"]
[SourceVersion "1"]
[SourceVersionDate "2015.06.18"]
[SourceQuality "1"]

1. e4 c5 2. Nf3 d6 3. d4 cxd4 4. Nxd4 Nf6 5. f3 a6 6. c4 g6 7. Be3 Bg7 8. Nc3 Nc6 9. Qd2 0-0 10. Be2 Bd7 11. 0-0 Nxd4 12. Bxd4 Be6 13. Nd5 Bxd5 14. cxd5 Nd7 15. Bxg7 Kxg7 16. Qd4+ Kg8 17. Rac1 Rc8 18. Kh1 Qb6 19. Qd2 a5 20. b3 Qb4 21. Qg5 Nf6 22. Bd3 Rc3 23. Rcd1 Qc5 24. Bb1 Rc8 25. Rfe1 Kg7 26. e5 dxe5 27. Qxe5 Qd6 28. Qd4 R3c5 29. Be4 b6 30. g3 Kg8 31. Re2 Rd8 32. Red2 Qc7 33. Qb2 Rd6 34. g4 Qd7 35. Qe5 Nxe4 36. fxe4 e6 37. h3 exd5 38. Rxd5 Rcxd5 39. Rxd5 Rxd5 40. exd5 h5 41. d6 hxg4 42. hxg4 Qxg4 43. Kh2 Kh7 44. Qe7 Qf4+ 45. Kg1 Qc1+ 46. Kf2 Qd2+ 47. Kf3 Qd3+ 1/2-1/2

[Event "GER-ch U16"]
[Site "Willingen"]
[Date "2015.05.26"]
[Round "5"]
[White "Herbrig, Alexander"]
[Black "Schmekel, Florian"]
[Result "1/2-1/2"]
[WhiteElo "2067"]
[BlackElo "1850"]
[PlyCount "71"]
[EventDate "2015.05.24"]
[EventType "swiss"]
[EventRounds "9"]
[EventCountry "GER"]
[SourceTitle "CBM 166 Extra"]
[Source "ChessBase"]
[SourceDate "2015.06.18"]
[SourceVersion "1"]
[SourceVersionDate "2015.06.18"]
[SourceQuality "1"]

1. e4 c5 2. Nf3 Nc6 3. d4 cxd4 4. Nxd4 g6 5. c4 Nf6 6. Nc3 d6 7. Be2 Nxd4 8. Qxd4 Bg7 9. Be3 0-0 10. Qd2 Be6 11. Rc1 Qa5 12. 0-0 a6 13. f3 Rfc8 14. b3 b5 15. Nb1 Qxd2 16. Nxd2 bxc4 17. Nxc4 Nd7 18. Rfd1 a5 19. Rc2 a4 20. b4 Rc7 21. Rdc1 Rac8 22. Bd3 d5 23. exd5 Bxd5 24. a3 e6 25. b5 Bxc4 26. Rxc4 Rxc4 27. Rxc4 Rxc4 28. Bxc4 Bb2 29. b6 Bxa3 30. Bb5 Bc5 31. Bxc5 Nxc5 32. Bxa4 Kf8 33. Kf2 Ke7 34. Ke3 e5 35. g4 g5 36. Bb5 1/2-1/2

[Event "GER-ch U16"]
[Site "Willingen"]
[Date "2015.05.26"]
[Round "4"]
[White "Kollars, Dmitrij"]
[Black "Herbrig, Alexander"]
[Result "1-0"]
[WhiteElo "2364"]
[BlackElo "2067"]
[PlyCount "73"]
[EventDate "2015.05.24"]
[EventType "swiss"]
[EventRounds "9"]
[EventCountry "GER"]
[SourceTitle "CBM 166 Extra"]
[Source "ChessBase"]
[SourceDate "2015.06.18"]
[SourceVersion "1"]
[SourceVersionDate "2015.06.18"]
[SourceQuality "1"]

1. c4 e5 2. g3 Nf6 3. Bg2 d5 4. cxd5 Nxd5 5. Nc3 Nb6 6. Nf3 Nc6 7. d3 Be7 8. 0-0 0-0 9. Be3 Be6 10. Rc1 Nd5 11. Nxd5 Bxd5 12. Qa4 a6 13. Rfe1 f6 14. Bc5 Re8 15. Bxe7 Qxe7 16. Ng5 Bxg2 17. Qb3+ Kh8 18. Nf7+ Kg8 19. Nh6+ Kh8 20. Nf7+ Kg8 21. Nd6+ Qe6 22. Nxe8 Bd5 23. Qxb7 Qxe8 24. Qxc7 e4 25. Qf4 exd3 26. exd3 Ne5 27. Re3 Qh5 28. g4 Nxg4 29. Re7 Nxh2 30. Qg3 Nf3+ 31. Kf1 Ng5 32. Qc7 Qh3+ 33. Ke2 Qg4+ 34. Kd2 Nf3+ 35. Kc2 Nd4+ 36. Kb1 Qg6 37. Qc8+ 1-0

[Event "GER-ch U16"]
[Site "Willingen"]
[Date "2015.05.25"]
[Round "3"]
[White "Herbrig, Alexander"]
[Black "Niermann, Tristan"]
[Result "1-0"]
[WhiteElo "2067"]
[BlackElo "2010"]
[PlyCount "75"]
[EventDate "2015.05.24"]
[EventType "swiss"]
[EventRounds "9"]
[EventCountry "GER"]
[SourceTitle "CBM 166 Extra"]
[Source "ChessBase"]
[SourceDate "2015.06.18"]
[SourceVersion "1"]
[SourceVersionDate "2015.06.18"]
[SourceQuality "1"]

1. e4 e5 2. Nf3 Nc6 3. Bb5 a6 4. Ba4 Nf6 5. 0-0 Nxe4 6. d4 b5 7. Bb3 d5 8. dxe5 Be6 9. Qe2 Be7 10. Rd1 0-0 11. c4 bxc4 12. Bxc4 Qd7 13. Nc3 Nxc3 14. bxc3 Rfd8 15. Bxa6 Bg4 16. Bb7 Rab8 17. Bxc6 Qxc6 18. Qd3 Bc5 19. Re1 d4 20. Nxd4 Qd5 21. Be3 Bxd4 22. Qxd4 Qe6 23. Qf4 Bh5 24. a4 Ra8 25. Bd4 Qd5 26. e6 fxe6 27. Re5 Qd6 28. Qg5 Bg6 29. h4 Qd7 30. h5 Bf5 31. h6 g6 32. Rxf5 exf5 33. Qf6 Rxa4 34. Qh8+ Kf7 35. Qg7+ Ke6 36. Qe5+ Kf7 37. Qg7+ Ke6 38. Qxd7+ 1-0

[Event "Dresden ZMD op 23rd"]
[Site "Dresden"]
[Date "2014.08.22"]
[Round "8"]
[White "Herbrig, Alexander"]
[Black "Hahn, Florian"]
[Result "1/2-1/2"]
[WhiteElo "1880"]
[BlackElo "2133"]
[PlyCount "84"]
[EventDate "2014.08.15"]
[EventType "swiss"]
[EventRounds "9"]
[EventCountry "GER"]
[SourceTitle "CBM 161 Extra"]
[Source "ChessBase"]
[SourceDate "2014.08.29"]
[SourceVersion "1"]
[SourceVersionDate "2014.08.29"]
[SourceQuality "1"]

1. e4 c5 2. Nf3 e6 3. d4 cxd4 4. Nxd4 Nc6 5. Nc3 Qc7 6. Be3 a6 7. Qd2 Nf6 8. f4 b5 9. e5 Ng4 10. Ne4 Nxe3 11. Qxe3 Bb7 12. Bd3 Rc8 13. Nb3 Nb4 14. c3 Nxd3+ 15. Qxd3 Bxe4 16. Qxe4 d6 17. 0-0 dxe5 18. Qxe5 Qxe5 19. fxe5 Bc5+ 20. Nxc5 Rxc5 21. a4 0-0 22. Rfe1 Rd8 23. Re2 h5 24. axb5 axb5 25. Kf2 Rdd5 26. Rae1 Kh7 27. Kg3 Kg6 28. h3 Rc4 29. Re4 Rdc5 30. Rf4 Rc7 31. Ref1 R4c5 32. Re1 Rd7 33. Re2 Rd3+ 34. Rf3 Rxf3+ 35. Kxf3 Kf5 36. g4+ hxg4+ 37. hxg4+ Kg5 38. Re4 Rc4 39. Rd4 f5 40. exf6 gxf6 41. Rd6 e5 42. Rb6 Rf4+ 1/2-1/2

[Event "Dresden ZMD op 23rd"]
[Site "Dresden"]
[Date "2014.08.16"]
[Round "2"]
[White "Herbrig, Alexander"]
[Black "Mueller, Fabian"]
[Result "0-1"]
[WhiteElo "1880"]
[BlackElo "2324"]
[PlyCount "54"]
[EventDate "2014.08.15"]
[EventType "swiss"]
[EventRounds "9"]
[EventCountry "GER"]
[SourceTitle "CBM 161 Extra"]
[Source "ChessBase"]
[SourceDate "2014.08.29"]
[SourceVersion "1"]
[SourceVersionDate "2014.08.29"]
[SourceQuality "1"]

1. e4 c5 2. Nf3 Nc6 3. d4 cxd4 4. Nxd4 e6 5. Nc3 Qc7 6. Be3 a6 7. Qd2 Nf6 8. 0-0-0 Bb4 9. f3 0-0 10. g4 b5 11. h4 Ne5 12. h5 Bb7 13. g5 Ne8 14. Bf4 Bd6 15. Rh4 b4 16. Nce2 Nc4 17. Bxd6 Nexd6 18. Qd3 e5 19. Nf5 Nxf5 20. exf5 d5 21. Ng3 Rac8 22. f6 e4 23. fxe4 Qe5 24. Qb3 Qxg5+ 25. Kb1 Qxh4 26. fxg7 Rfe8 27. Bg2 Qg5 0-1

[Event "Dresden ZMD op 23rd"]
[Site "Dresden"]
[Date "2014.08.15"]
[Round "1"]
[White "Stabolewski, Andreas"]
[Black "Herbrig, Alexander"]
[Result "1/2-1/2"]
[WhiteElo "2181"]
[BlackElo "1880"]
[PlyCount "152"]
[EventDate "2014.08.15"]
[EventType "swiss"]
[EventRounds "9"]
[EventCountry "GER"]
[SourceTitle "CBM 161 Extra"]
[Source "ChessBase"]
[SourceDate "2014.08.29"]
[SourceVersion "1"]
[SourceVersionDate "2014.08.29"]
[SourceQuality "1"]

1. Nf3 c5 2. c4 Nc6 3. d4 cxd4 4. Nxd4 g6 5. e4 Bg7 6. Be3 Nf6 7. Nc3 0-0 8. Be2 d6 9. 0-0 Nd7 10. Rc1 Nc5 11. f3 Bd7 12. Nb3 Nxb3 13. axb3 Be6 14. f4 Qd7 15. Bf3 Rac8 16. Rf2 Rfd8 17. Rd2 Qe8 18. Ra1 Bh6 19. Nd5 b6 20. Kh1 Qf8 21. Rd3 f5 22. Qe2 Qg7 23. g3 Bf7 24. exf5 gxf5 25. Qg2 Be8 26. Re1 e5 27. Rd2 e4 28. Bd1 Bd7 29. b4 Be6 30. b5 Bxd5 31. Rxd5 Ne7 32. Rd2 Qg6 33. Bb3 Kh8 34. Red1 Bg7 35. Qf2 Qe8 36. Rxd6 Rxd6 37. Rxd6 Rd8 38. Qd2 Rxd6 39. Qxd6 Nc8 40. Qd5 Ne7 41. Qd6 Nc8 42. Qd2 Bf6 43. Bd1 Qe7 44. b4 Qd6 45. Qxd6 Nxd6 46. Be2 Bd8 47. c5 Ne8 48. Bd4+ Kg8 49. Bc4+ Kf8 50. Be6 Nc7 51. Bxf5 Nxb5 52. Be3 h6 53. Bxe4 Nc3 54. Bf3 Kf7 55. f5 bxc5 56. Bxc5 Bb6 57. Bxb6 axb6 58. g4 Kf6 59. Kg2 b5 60. Bc6 Na2 61. Bxb5 Nxb4 62. Kg3 Kg5 63. Bd7 Nd3 64. Bb5 Nb4 65. h4+ Kf6 66. Bd7 Nd3 67. Bc8 Nc5 68. Kf3 Nd3 69. Ba6 Nc5 70. Be2 h5 71. Kf4 hxg4 72. Kxg4 Nd7 73. h5 Ne5+ 74. Kf4 Nf7 75. Bd3 Nh6 76. Be4 Nxf5 1/2-1/2

[Event "GER-ch U14"]
[Site "Magdeburg"]
[Date "2014.06.08"]
[Round "1"]
[White "Herbrig, Alexander"]
[Black "Schamber, Dennis"]
[Result "1-0"]
[WhiteElo "1948"]
[BlackElo "1588"]
[PlyCount "85"]
[EventDate "2014.06.08"]
[EventType "swiss"]
[EventRounds "9"]
[EventCountry "GER"]
[SourceTitle "CBM 160 Extra"]
[Source "ChessBase"]
[SourceDate "2014.07.01"]
[SourceVersion "1"]
[SourceVersionDate "2014.07.01"]
[SourceQuality "1"]

1. e4 c5 2. Nf3 d6 3. d4 cxd4 4. Nxd4 Nf6 5. Nc3 g6 6. Be3 Bg7 7. f3 0-0 8. Qd2 Nc6 9. Bc4 Bd7 10. 0-0-0 Rc8 11. Bb3 Ne5 12. Kb1 Nc4 13. Bxc4 Rxc4 14. g4 a5 15. h4 h5 16. g5 Ne8 17. Qd3 Rc8 18. f4 Bg4 19. Rd2 e5 20. Ndb5 exf4 21. Bxf4 Qb6 22. Nd5 Qd8 23. Qa3 Be5 24. Bxe5 Kh7 25. Nf6+ Nxf6 26. Bxf6 Qb6 27. Nxd6 Rb8 28. Be7 Rg8 29. Qb3 Qc7 30. Bf6 Be6 31. Qc3 Qb6 32. Rf1 Qa6 33. Rff2 b5 34. Be5 Qa7 35. Qf3 Rgf8 36. Qf6 Rg8 37. Nf5 Rb6 38. Bd4 Bxa2+ 39. Kxa2 Rxf6 40. Bxa7 Ra6 41. Nh6 Rxa7 42. Nxg8 Kxg8 43. Rf6 1-0